Cézanne / (Record no. 66722)
[ view plain ]
| 000 -الفاتح | |
|---|---|
| حقل البيانات ثابتة الطول | 00904nam a2200265 a 4500 |
| 005 - وقت وتاريخ اخر تعامل مع التسجيلة | |
| رقم الضبط | 20240530110935.0 |
| 008 - عناصر البيانات ثابتة الطول - معلومات عامة | |
| حقل البيانات ثابتة الطول | 920522s1991 fr a b 000 0 fre |
| 010 ## - | |
| -- | 92164481 |
| 020 ## - الرقم الدولى المعيارى للكتب | |
| الرقم الدولى المعيارى للكتاب | 2850252476 |
| 040 ## - مصدر الفهرسة | |
| وكالة الفهرسة الأصلية | DLC |
| وكالة النسخ | DLC |
| 082 00 - رقم تصنيف ديوى العشرى | |
| رقم التصنيف | 759 |
| رقم الطبعة | 21 |
| رقم المادة | NC |
| 100 2# - المدخل الرئيسى - إسم شخصى | |
| الإسم الشخصى | Naubert-Riser, Constance. |
| 245 10 - بيان العنوان | |
| العنوان | Cézanne / |
| بيان المسئوليه,etc | par Constance Neubert-Riser. |
| 260 ## - PUBLICATION, DISTRIBUTION, ETC. (IMPRINT) | |
| تاريخ النشر أو التوزيع | c1991. |
| 300 ## - الوصف المادى | |
| التعداد | 138, [5] p. : |
| تفاصيل ماديه اخرى للوعاء | ill. (some col.) ; |
| أبعاد الوعاء | 31 cm. |
| 504 ## - تبصرة ببليوجرافية | |
| تبصرة ببليوجرافية,الخ | Includes bibliographical references (p. [141]-[143]). |
| 600 10 - المدخل الاضافى بالموضوع-اسم شخصى | |
| الإسم الشخصى | Cézanne, Paul, |
| التواريخ المصاحبة للاسم | 1839-1906 |
| التقسيم الفرعي العام | Criticism and interpretation. |
| 700 1# - المدخل الاضافى - اسم شخصى | |
| الإسم الشخصى | Cézanne, Paul, |
| التواريخ المصاحبة للاسم | 1839-1906. |
| 942 ## - عناصر المدخل الإضافي( كوها) | |
| مصدر التصنيف او مخطط الترفيف | Dewey Decimal Classification |
| Koha [default] item type | كتاب |
| 260 ## - PUBLICATION, DISTRIBUTION, ETC. (IMPRINT) | |
| -- | Paris : |
| -- | Hazan, |
| 440 #4 - بيان السلسلة/مدخل إضافى-العنوان | |
| العنوان | Les Chefs-d'œuvre, |
| الرقم الدولى المعيارى للدوريات | 0986-4598 |
| 906 ## - عنصر بيانات محلى F, LDF (RLIN) | |
| a | 7 |
| b | cbc |
| c | orignew |
| d | 2 |
| e | ncip |
| f | 19 |
| g | y-gencatlg |
| حالة التراجع | حالة الفقد | مصدر التصنيف او خطة الترفيف | حالة تلف | ليس للاعارة | المكان المؤقت | الموقع الحالى | موقع الترفيف | تاريخ الاكتساب | اجمالي اﻻعارات | رقم الطلب | الباركود | تاريخ اخر مشاهدة | تاريخ تفعيل السعر | نوع وعاء كوها |
|---|---|---|---|---|---|---|---|---|---|---|---|---|---|---|
| ddc | مكتبة القاهرة الكبرى | مكتبة القاهرة الكبرى | 09/22/2022 | 759 NC | 168545 | 09/22/2022 | 09/22/2022 | كتاب |

